| 000 | 00883nam a2200277Ia 4500 | ||
|---|---|---|---|
| 003 | OSt | ||
| 005 | 20220918171005.0 | ||
| 006 | a|||||r|||| 00| 0 | ||
| 007 | ta | ||
| 008 | 220917b |||||||| |||| 00| 0 eng d | ||
| 020 |
_a97811138189935 (pbk) _cUKP 65.00 |
||
| 024 | _a324,410 | ||
| 037 |
_b1478, 29/01/2018, Bright Book Service _cTextual |
||
| 040 |
_aARTS _cARTS _beng |
||
| 041 |
_2eng _aeng |
||
| 082 | _aS4(X8(A)), Q7 | ||
| 100 |
_aLefkowitz Joel Au. _932922 |
||
| 245 | 0 | _aEthics and values in industrial organization psychology | |
| 250 | _a2nd | ||
| 260 |
_aNew York _bRoutledge USA _c2017 |
||
| 300 |
_ax,603p. _ccm. |
||
| 490 | _aSeries in applied psychology | ||
| 650 |
_aINDUSTRIAL PSYCHOLOGY; PSYCHOLOGY _921486 |
||
| 942 |
_hS4(X8(A)), Q7 _cTEXL _2CC |
||
| 999 |
_c137137 _d137137 |
||